Kadra Polski na Mistrzostwa Świata w Siatkówce 2022 - Statystyki

Ogólne statystyki
  • Ten quiz został rozwiązany 1 164 razy
  • Średni wynik to 11 z 14
Statystyki odpowiedzi
Pozycja Siatkarz Klub % Poprawnych
atakujący Bartosz Kurek Wolf Dogs Nagoya
97%
przyjmujący Aleksander Śliwka ZAKSA Kędzierzyn-Koźle
90%
libero Paweł Zatorski Asseco Resovia Rzeszów
90%
przyjmujący Tomasz Fornal Jastrzębski Węgiel
88%
środkowi Jakub Kochanowski Asseco Resovia Rzeszów
83%
środkowi Karol Kłos PGE Skra Bełchatów
82%
rozgrywający Marcin Janusz ZAKSA Kędzierzyn-Koźle
81%
środkowi Mateusz Bieniek PGE Skra Bełchatów
81%
przyjmujący Kamil Semeniuk Sir Safety Conad Perugia
79%
rozgrywający Grzegorz Łomacz PGE Skra Bełchatów
76%
atakujący Łukasz Kaczmarek ZAKSA Kędzierzyn-Koźle
76%
libero Jakub Popiwczak Jastrzębski Węgiel
72%
przyjmujący Bartosz Kwolek Projekt Warszawa
51%
środkowi Mateusz Poręba Indykpol AZS Olsztyn
40%
Nie znaleziono quizów pasujących do podanych kryteriów
Rozkład punktacji
Procent ludzi z każdym wynikiem
Percentyl według liczby udzielonych odpowiedzi
Twoja historia wyników
Nie rozwiązałeś tego quizu